000 00261nam a2200121Ia 4500
008 190216s9999||||xx |||||||||||||| ||und||
100 _aVinod A
245 0 _aCost Accounting
260 _bNull
_c2003
300 _a692p
650 _aCost Accounting
942 _cBK
999 _c6460
_d6460